| 000 | 00430 a2200145 4500 | ||
|---|---|---|---|
| 999 |
_c3626 _d3626 |
||
| 020 | _a00000000000000 | ||
| 050 | _aHD2344.Z55KUR2000 | ||
| 100 | _aKurotwi, Lovemore | ||
| 245 |
_aBlack empowerment versus disempowerment of blacks by blacks / _cLovemore Kurotwi |
||
| 264 |
_aHarare _bG.L Trade International _c2000 |
||
| 300 | _a78p. | ||
| 500 | _ainclude index | ||
| 650 | _aBlack empowerment | ||
| 942 |
_2lcc _cBK _h2344.Z55 _iKUR _kHD |
||